Wau-bun : (Record no. 241438)
[ view plain ]
| 000 -LEADER | |
|---|---|
| fixed length control field | 01080cam a22003253a 4500 |
| 001 - CONTROL NUMBER | |
| control field | 12183 |
| 003 - CONTROL NUMBER IDENTIFIER | |
| control field | PGUSA |
| 005 - DATE AND TIME OF LATEST TRANSACTION | |
| control field | 20140828083246.0 |
| 008 - FIXED-LENGTH DATA ELEMENTS--GENERAL INFORMATION | |
| fixed length control field | 040401s2004||||xxu|||||s|||||000 | eng d |
| 040 ## - CATALOGING SOURCE | |
| Original cataloging agency | PGUSA |
| Language of cataloging | eng |
| 042 ## - AUTHENTICATION CODE | |
| Authentication code | dc |
| 050 #4 - LIBRARY OF CONGRESS CALL NUMBER | |
| Classification number | F476 |
| 100 1# - MAIN ENTRY--PERSONAL NAME | |
| Personal name | Kinzie, John H., |
| Titles and other words associated with a name | Mrs, |
| Dates associated with a name | 1806-1870 |
| 245 10 - TITLE STATEMENT | |
| Title | Wau-bun : |
| Remainder of title | The Early Day in the Northwest |
| Medium | [electronic resource] / |
| Statement of responsibility, etc | John H., Kinzie |
| 260 ## - PUBLICATION, DISTRIBUTION, ETC. (IMPRINT) | |
| Name of publisher, distributor, etc | Project Gutenberg, |
| Date of publication, distribution, etc | 2004 |
| 506 ## - RESTRICTIONS ON ACCESS NOTE | |
| Terms governing access | Public domain in the USA. |
| 516 ## - TYPE OF COMPUTER FILE OR DATA NOTE | |
| Type of computer file or data note | Electronic text |
| 653 ## - INDEX TERM--UNCONTROLLED | |
| Uncontrolled term | Portage (Wis.) |
| 653 ## - INDEX TERM--UNCONTROLLED | |
| Uncontrolled term | Frontier and pioneer life -- Wisconsin |
| 653 ## - INDEX TERM--UNCONTROLLED | |
| Uncontrolled term | Indians of North America -- Northwest, Old |
| 653 ## - INDEX TERM--UNCONTROLLED | |
| Uncontrolled term | Northwest, Old -- Description and travel |
| 653 ## - INDEX TERM--UNCONTROLLED | |
| Uncontrolled term | Chicago (Ill.) -- History |
| 653 ## - INDEX TERM--UNCONTROLLED | |
| Uncontrolled term | Frontier and pioneer life -- Northwest, Old |
| 653 ## - INDEX TERM--UNCONTROLLED | |
| Uncontrolled term | Kinzie, John H., Mrs., 1806-1870 |
| 653 ## - INDEX TERM--UNCONTROLLED | |
| Uncontrolled term | Illinois -- Description and travel |
| 653 ## - INDEX TERM--UNCONTROLLED | |
| Uncontrolled term | Northwest, Old -- History -- 1775-1865 |
| 830 #0 - SERIES ADDED ENTRY--UNIFORM TITLE | |
| Uniform title | Project Gutenberg |
| Volume number/sequential designation | 12183 |
| 856 40 - ELECTRONIC LOCATION AND ACCESS | |
| Uniform Resource Identifier | <a href="http://www.gutenberg.org/ebooks/12183">http://www.gutenberg.org/ebooks/12183</a> |
| 942 ## - ADDED ENTRY ELEMENTS (KOHA) | |
| Koha item type | eBooks |
| Withdrawn status | Lost status | Damaged status | Home library | Current library | Date acquired | Total Checkouts | Date last seen | Price effective from | Koha item type |
|---|---|---|---|---|---|---|---|---|---|
| Project Gutenberg | Project Gutenberg | 08/28/2014 | 08/28/2014 | 08/28/2014 | eBooks |